Statystyki dla Angielski grudzień

Kliknij tutaj aby rozwiązać quiz!

Ogólne statystyki

  • Ten quiz został rozwiązany 4 razy
  • Średni wynik to 42 z 83

Statystyki odpowiedzi

HintOdpowiedź% Poprawnych
aminokwasaminoacid
100%
wyglądappearance
100%
embriologiaembriology
100%
transkrypcjatranscription
100%
przyspieszyćaccelerate
67%
siłownikactuator
67%
wznoszenieascent
67%
budżetbankroll
67%
obstawiać/zakładać siębet
67%
funkcje poznawczecognitive functions
67%
sprężarkacompressor
67%
obawaconcern
67%
przeprowadzać (eksperyment)conduct
67%
rogówkacornea
67%
zejściedescent
67%
dokowaniedocking
67%
suszedroughts
67%
elektroliza wodyelectrolysis of water
67%
równanieequation
67%
równikequator
67%
jędrnośćfirmness
67%
paliwa kopalnianefossil fuels
67%
elektrownia gazowagas-fired power plant
67%
szerszeńhornet
67%
stan zapalnyinflamation
67%
nieodpowiedzialnieirresponsibly
67%
larwalarva
67%
manipulatormanipulator
67%
części mechanicznemechanical parts
67%
wędrowaćmigrate
67%
szyb kopalnianymine shaft
67%
nanotechnologiananotechnology
67%
liczba ujemnanegative number
67%
neuroprzekaźnikneurotransmitter
67%
nerw wzrokowyoptic nerve
67%
luksusowyopulent
67%
wiązanie peptydowepeptide bond
67%
przesunięcie fazowephase shift
67%
pyłek kwiatowypollen
67%
struktura pierwszorzędna białkaprimary protein structure
67%
białkoprotein
67%
źrenicapupil
67%
zwiadowcascout
67%
czujniksensor
67%
roztwórsolution
67%
rozwiązaćsolve
67%
nadwyżkasurplus
67%
turbinaturbine
67%
autonomiczny układ nerwowyautonomic nervous system
33%
Kolonia pszczółbee colony
33%
ulbeehive
33%
komórkacell
33%
sześciennycubic
33%
rozdaniedeal
33%
krupiecdealer
33%
talia (kart)deck
33%
zręcznydexterous
33%
truteńdrone
33%
prądnicaelectric generator
33%
silnik elektrycznyelectric motor
33%
lądolódice sheet
33%
tęczówkairis
33%
soczewkalens
33%
gaz ziemnynatural gas
33%
impuls nerwowynerve impulse
33%
wielomianpolynomial
33%
kora przedczołowaprefrontal cortex
33%
elektrownie wodne szczytowo-pompowepumped storage hydropower
33%
siatkówkaretina
33%
stopień rakietyrocket stage
33%
gatunekspecies
33%
płat skroniowytemporal lobe
33%
pojazd gąsienicowytracked vehicle
33%
sztuczna satelitaartificial satellite
0%
środowisko życiahabitat
0%
liczba urojonaimaginary number
0%
rewolucja przemysłowaindustrial revolution
0%
sieć neuronowaneutral network
0%
tasowaćshuffle
0%
statek kosmicznyspacecraft
0%
pierwiasteksquare root
0%
prędkośćvelocity
0%
osawasp
0%

Rozkład punktacji

Percentyl według liczby udzielonych odpowiedzi

Procent ludzi z każdym wynikiem

Twoja historia wyników

Nie rozwiązałeś tego quizu